000
00312nam a22001337a 4500
008
170503b xxu||||| |||| 00| 0 eng d
020
_a
9781600420672
041
_a
eng
080
_a
347
100
_a
14
101
_a
SHJ
245
_a
CIVIL RIGHTS LEGISLATION AND LITIGATION
_c
LEVINSON, R.B
942
_2
udc
_c
BK
999
_c
12486
_d
12486